| 000 -LEADER | |
|---|---|
| fixed length control field | 00318nam a22001337a 4500 |
| 005 - DATE AND TIME OF LATEST TRANSACTION | |
| control field | 20170916112153.0 |
| 008 - FIXED-LENGTH DATA ELEMENTS--GENERAL INFORMATION | |
| fixed length control field | 170916b xxu||||| |||| 00| 0 eng d |
| 020 ## - INTERNATIONAL STANDARD BOOK NUMBER | |
| ISBN | 978-93-5027-134-6 |
| 041 ## - LANGUAGE CODE | |
| Language code of text/sound track or separate title | eng |
| 082 ## - DEWEY DECIMAL CLASSIFICATION NUMBER | |
| Classification number | 530 |
| 100 ## - MAIN ENTRY--AUTHOR NAME | |
| Personal name | MATHUR, S.B. AND KUMAR, A |
| 245 ## - TITLE STATEMENT | |
| Title | CORE PHYSICS FOR CLASS 12 |
| 942 ## - ADDED ENTRY ELEMENTS (KOHA) | |
| Koha item type | Books |
| Lost status | Damaged status | Home library | Current library | Shelving location | Date acquired | Source of acquisition | Cost, normal purchase price | Full call number | Accession Number | Koha item type | Collection code |
|---|---|---|---|---|---|---|---|---|---|---|---|
| JRU Library | SHELF-6-A | 16/09/2017 | PURCHESS | 690.00 | 530 | 21923 | Books | ||||
| JRU Library | JRU Library | SHELF-56-B | 16/09/2017 | PURCHESS | 690.00 | 530 | 21924 | Books | CS/IT | ||
| JRU Library | JRU Library | SHELF-56-B | 16/09/2017 | PURCHESS | 690.00 | 530 | 21925 | Books | CS/IT |